[Event "III Miedzynarodowy Memorial Ireny Warakomskiej - Open B"]
[Site "Suwalki"]
[Date "2019.08.12"]
[Round "3.46"]
[White "Wasik, Mateusz "]
[Black "Mazurek, Jakub "]
[Result "1-0"]
[WhiteTitle ""]
[BlackTitle ""]
[WhiteElo "1761"]
[BlackElo "1605"]

1. e4 c6 2. d4 d5 3. exd5 cxd5 4. Bd3 Nc6 5. c3 Qc7 6. Ne2 Bg4 7. O-O e6 8. Qe1
Bd6 9. f3 Bh5 10. Qh4 Nf6 11. Bg5 Bg6 12. Bxf6 gxf6 13. Bxg6 fxg6 14. Qxf6 Kd7
15. f4 Be7 16. Qg7 Qb6 17. b3 Qb5 18. c4 dxc4 19. Nbc3 Qf5 20. bxc4 Rag8 21. Qh6
Bf6 22. Rad1 Kc8 23. d5 exd5 24. cxd5 Ne7 25. Ng3 Qd7 26. Nge4 Bg7 27. Qh4 Nf5
28. Qf2 Kb8 29. Nc5 Qc8 30. Nb5 a6 31. Nxa6+ bxa6 32. Qa7# 1-0

[Event "III Miedzynarodowy Memorial Ireny Warakomskiej - Open B"]
[Site "Suwalki"]
[Date "2019.08.12"]
[Round "3.47"]
[White "Kupsik, Joanna "]
[Black "Olszewski, Jan "]
[Result "1-0"]
[WhiteTitle ""]
[BlackTitle ""]
[WhiteElo "1708"]
[BlackElo "1405"]

1. e4 e5 2. Nf3 Nc6 3. d4 exd4 4. Nxd4 Bc5 5. Nb3 Bb6 6. Nc3 Nf6 7. Qe2 O-O 8.
Be3 d6 9. f3 Be6 10. O-O-O Ne5 11. Qd2 Bc4 12. Bxb6 axb6 13. f4 Bxb3 14. fxe5
Bxa2 15. exf6 Qxf6 16. b3 Qe5 17. Qd4 Qa5 18. Bc4 Qg5+ 19. Qd2 Qa5 20. Qe3 c6
21. Rhf1 b5 22. Be2 Qb4 23. Qd4 Qa3+ 24. Kd2 Qb2 25. Nxb5 1-0

[Event "III Miedzynarodowy Memorial Ireny Warakomskiej - Open B"]
[Site "Suwalki"]
[Date "2019.08.12"]
[Round "4.1"]
[White "Kulesza, Andrzej "]
[Black "Gawronski, Miroslaw"]
[Result "0-1"]
[WhiteTitle ""]
[BlackTitle ""]
[WhiteElo "1940"]
[BlackElo "2076"]

1. e4 c5 2. Nf3 e6 3. d4 cxd4 4. Nxd4 a6 5. Bd3 Qc7 6. O-O Nf6 7. Qe2 h5 8. h3
d6 9. c4 Nbd7 10. b3 b6 11. Bb2 Bb7 12. Nc3 Be7 13. f4 h4 14. Qd2 Nh5 15. f5 Bf6
16. Nde2 Ne5 17. Rad1 Rd8 18. Bb1 Qc5+ 19. Kh1 b5 20. cxb5 axb5 21. Rc1 Qb6 22.
fxe6 fxe6 23. Rfd1 b4 24. Na4 Qf2 25. Rc2 Bxe4 26. Rg1 Ng3+ 27. Nxg3 hxg3 28.
Qxf2 Rxh3# 0-1

[Event "III Miedzynarodowy Memorial Ireny Warakomskiej - Open B"]
[Site "Suwalki"]
[Date "2019.08.12"]
[Round "4.2"]
[White "Bogdanov, Ignat"]
[Black "Szydlo, Michal "]
[Result "1-0"]
[WhiteTitle ""]
[BlackTitle ""]
[WhiteElo "2075"]
[BlackElo "1865"]

1. d4 Nf6 2. c4 g6 3. Nc3 Bg7 4. e4 d6 5. Be2 O-O 6. Be3 e5 7. d5 a5 8. g4 Na6
9. g5 Ne8 10. h4 f5 11. gxf6 Nxf6 12. h5 Nc5 13. Bxc5 dxc5 14. hxg6 hxg6 15. Qd3
Ra6 16. Qg3 Ne8 17. O-O-O Qf6 18. Nh3 Bh6+ 19. Kb1 Ng7 20. Rdg1 Bd7 21. Rg2 Rb6
22. Rhg1 Be8 23. Bg4 Bf4 24. Nxf4 exf4 25. Qh3 f3 26. Rh2 Qxc3 27. Be6+ Rxe6 28.
bxc3 Rb6+ 29. Ka1 1-0

[Event "III Miedzynarodowy Memorial Ireny Warakomskiej - Open B"]
[Site "Suwalki"]
[Date "2019.08.12"]
[Round "4.3"]
[White "Kowalec, Maciej"]
[Black "Lada, Michal "]
[Result "1/2-1/2"]
[WhiteTitle ""]
[BlackTitle ""]
[WhiteElo "2074"]
[BlackElo "1928"]

1. f4 d5 2. Nf3 g6 3. g3 Bg7 4. Bg2 Nd7 5. O-O c6 6. c3 Nh6 7. d3 Nf6 8. Qe1 b6
9. Ne5 Bb7 10. Nd2 c5 11. h3 1/2-1/2

[Event "III Miedzynarodowy Memorial Ireny Warakomskiej - Open B"]
[Site "Suwalki"]
[Date "2019.08.12"]
[Round "4.4"]
[White "Zurkowski, Andrzej "]
[Black "Laskowski, Filip "]
[Result "0-1"]
[WhiteTitle ""]
[BlackTitle ""]
[WhiteElo "2071"]
[BlackElo "1842"]

1. f4 d5 2. Nf3 g6 3. g3 Bg7 4. Bg2 Nf6 5. O-O O-O 6. d3 b6 7. h3 Bb7 8. Nbd2 Nbd7
9. Kh2 c5 10. c3 Qc7 11. d4 cxd4 12. cxd4 Rac8 13. b3 Qc2 14. Ba3 Rfe8 15. Ne5
Ba6 16. Bf3 Qxd1 17. Rfxd1 Rc2 18. Kg1 e6 19. e3 Rec8 20. Nxd7 Nxd7 21. Kf2 Nf6
22. Ke1 R8c3 23. Rac1 Rxe3+ 24. Kf2 Rec3 25. Rxc2 Rxc2 26. Ke3 Rxa2 27. Bb4 Bf8
28. Bxf8 Kxf8 29. Rc1 Ne8 30. g4 h6 31. Bd1 Ke7 32. Bc2 f5 33. Nb1 Nd6 34. Nc3
Ra3 35. Nb1 Ra1 36. Kd2 Ne4+ 37. Kd1 Kd6 38. gxf5 gxf5 39. Ke1 Nc3 40. Kd2 Ne4+
41. Ke3 Ra2 42. Bxe4 fxe4 43. Nd2 Ra3 44. h4 Bd3 45. h5 Ra2 46. Rg1 Ke7 47. Rg6
Ra1 48. f5 exf5 49. Kf4 Rd1 50. Ke5 Rxd2 51. Rg7+ Kf8 52. Rxa7 Rh2 53. Ke6 Rxh5
54. Rf7+ Kg8 55. Kf6 Rg5 56. Re7 f4 57. Re8+ Kh7 58. Re7+ Kh8 59. Re8+ Rg8 60.
Re6 e3 0-1

[Event "III Miedzynarodowy Memorial Ireny Warakomskiej - Open B"]
[Site "Suwalki"]
[Date "2019.08.12"]
[Round "4.5"]
[White "Wojdak, Jan"]
[Black "Maciejewski, Kamil "]
[Result "1-0"]
[WhiteTitle ""]
[BlackTitle ""]
[WhiteElo "1913"]
[BlackElo "2065"]

1. e4 e5 2. Nf3 Nc6 3. Bb5 a6 4. Ba4 Nf6 5. d4 exd4 6. e5 Ne4 7. O-O Be7 8. Nxd4
Nc5 9. Bxc6 dxc6 10. Nc3 Ne6 11. Nf5 Qxd1 12. Rxd1 Bb4 13. Ne4 O-O 14. c3 Bc5
15. Nxc5 Nxc5 16. Ng3 Be6 17. Bg5 Na4 18. Rd2 h6 19. Be3 Rfd8 20. Rc2 Rd5 21.
c4 Rd3 22. b3 Nb6 23. Rd2 Rxd2 24. Bxd2 Rd8 25. Ba5 Rd4 26. f3 Kf8 27. Ne4 Na8
28. Nc5 Bc8 29. Bb4 Ke8 30. Bc3 Rd8 31. e6 b6 32. exf7+ Kxf7 33. Ne4 c5 34. Kf2
Bf5 35. Ke3 c6 36. Be5 Bxe4 37. fxe4 Rd7 38. Rf1+ Ke8 39. Bg3 Nc7 40. Bxc7 Rxc7
41. e5 Rd7 42. Rf2 Ke7 43. Ke4 Rd8 44. Rf3 Rd2 45. Rg3 Kf7 46. Rd3 Re2+ 47. Kf4
Rf2+ 48. Kg3 Rxa2 49. Rd6 Rb2 50. Rxc6 Rxb3+ 51. Kf4 Rb2 52. Rc7+ Kg6 53. g4 Rb4
54. Rc6+ Kf7 55. Kf5 Rxc4 56. Rc7+ Kg8 57. e6 g6+ 58. Kf6 Rf4+ 59. Ke5 Rf1 60.
Rc8+ Rf8 61. Rc6 Rb8 62. Kf6 a5 63. e7 Re8 64. Rxb6 a4 65. Ra6 a3 66. Rxa3 Rc8
67. Ra6 c4 68. Rd6 Kh7 69. Rd8 Rc6+ 70. Kf7 Rc7 71. Kf8 c3 72. e8=Q c2 73. Rd7+
1-0

[Event "III Miedzynarodowy Memorial Ireny Warakomskiej - Open B"]
[Site "Suwalki"]
[Date "2019.08.12"]
[Round "4.6"]
[White "Hrymowicz, Artur "]
[Black "Szczygiel, Konrad"]
[Result "0-1"]
[WhiteTitle ""]
[BlackTitle ""]
[WhiteElo "2064"]
[BlackElo "1896"]

1. e4 g6 2. d4 Bg7 3. Nc3 c5 4. Nf3 cxd4 5. Nxd4 Nc6 6. Nb3 Nf6 7. Bd3 O-O 8. O-O
b6 9. Be3 Bb7 10. Qe2 d5 11. Rad1 dxe4 12. Bxe4 Qc8 13. Bf3 Ne5 14. Bxb7 Qxb7
15. Bxb6 axb6 16. Qxe5 Nh5 17. Qd5 Qxd5 18. Nxd5 Rxa2 19. Rb1 Rxb2 20. Rxb2 Bxb2
21. Rb1 Bf6 22. g4 Ng7 23. Nxb6 Rb8 24. Nd5 Rc8 25. Nxf6+ exf6 26. Na5 f5 27.
gxf5 Nxf5 28. Rb2 Nd4 29. c4 Rc5 30. Ra2 Kg7 31. Ra4 Nf3+ 32. Kg2 Nd2 33. Kg3
Rf5 34. Ra2 Ne4+ 35. Kg2 Nxf2 36. Rxf2 Rxa5 37. Rc2 Kf6 38. Kf3 Ke5 39. c5 Ra7
40. Ke3 Rc7 41. Kf3 Kd5 42. Kf4 Rxc5 43. Re2 Kd6 44. Re8 Rh5 45. Kg3 Re5 46. Rh8
h5 47. Kf4 Rf5+ 48. Kg3 Ke6 49. Rb8 Rc5 50. Rb7 f6 51. Rb4 g5 52. Rb3 h4+ 53.
Kh3 Kf5 54. Ra3 Kg6 55. Ra8 Rc3+ 56. Kg2 g4 57. Rh8 Rc2+ 58. Kg1 Kg5 59. Rg8+
Kf4 60. Ra8 Rc4 61. Ra1 f5 62. Rf1+ Kg5 63. Rb1 h3 64. Ra1 f4 65. Rf1 g3 66. Rb1
Rc2 67. hxg3 fxg3 68. Rb5+ Kf4 69. Rb4+ Ke5 70. Rb1 Kd4 71. Kh1 Kc3 0-1

[Event "III Miedzynarodowy Memorial Ireny Warakomskiej - Open B"]
[Site "Suwalki"]
[Date "2019.08.12"]
[Round "4.7"]
[White "Sivickis, Wiktoria "]
[Black "Szewczyk, Mariusz"]
[Result "1/2-1/2"]
[WhiteTitle ""]
[BlackTitle ""]
[WhiteElo "1793"]
[BlackElo "2050"]

1. e4 e5 2. Nf3 Nc6 3. Bb5 a6 4. Ba4 Nf6 5. d3 d6 6. h3 b5 7. Bb3 Be7 8. O-O O-O
9. c3 Na5 10. Bc2 c5 11. a4 b4 12. cxb4 cxb4 13. b3 Bb7 14. Bb2 Rc8 15. Nbd2 Nd7
16. Nc4 Nxc4 17. dxc4 Nc5 18. Re1 a5 19. Qe2 Qd7 20. Rad1 Qe6 21. Nh2 Qg6 22.
Qg4 Qxg4 23. Nxg4 g6 24. f3 Rfd8 25. Ne3 1/2-1/2

[Event "III Miedzynarodowy Memorial Ireny Warakomskiej - Open B"]
[Site "Suwalki"]
[Date "2019.08.12"]
[Round "4.8"]
[White "Ocytko, Andrzej"]
[Black "Musial, Tomasz "]
[Result "1/2-1/2"]
[WhiteTitle ""]
[BlackTitle ""]
[WhiteElo "2047"]
[BlackElo "1935"]

1. e4 e6 2. d4 d5 3. exd5 exd5 4. Nf3 Nc6 5. Bb5 Bd6 6. O-O Nge7 7. Bg5 O-O 8.
c3 f6 9. Bh4 Bf5 10. Bg3 a6 11. Bd3 Qd7 12. Nh4 Bxd3 13. Qxd3 Rae8 14. Nd2 Bxg3
15. hxg3 Nc8 16. Nf5 Nd6 17. Nxd6 Qxd6 18. Rfe1 Qd7 19. Nf3 Nd8 20. Kf1 1/2-1/2

[Event "III Miedzynarodowy Memorial Ireny Warakomskiej - Open B"]
[Site "Suwalki"]
[Date "2019.08.12"]
[Round "4.9"]
[White "Mazurek, Jakub "]
[Black "Gryczka, Wlodzimierz "]
[Result "0-1"]
[WhiteTitle ""]
[BlackTitle ""]
[WhiteElo "1605"]
[BlackElo "2045"]

1. e4 Nf6 2. e5 Nd5 3. d4 d6 4. c4 Nb6 5. exd6 exd6 6. Nf3 Bg4 7. Bd3 Nc6 8. Be3
Be7 9. O-O O-O 10. Nc3 f5 11. h3 Bh5 12. c5 Nd7 13. Qb3+ Kh8 14. Qxb7 Bxf3 15.
gxf3 f4 16. Qxc6 fxe3 17. fxe3 dxc5 18. d5 Ne5 19. Qa6 Nxf3+ 20. Kh1 Bd6 21. Qa4
Rb8 22. Qe4 Ng5 23. Qg2 Qe7 24. e4 Qe5 25. Rab1 Nf3 26. Nb5 Nh4 27. Qg1 Rxb5 28.
Rxf8+ Bxf8 29. Qf2 Ng6 30. Rf1 Rb8 31. b3 Bd6 32. Qg2 Nf4 0-1

[Event "III Miedzynarodowy Memorial Ireny Warakomskiej - Open B"]
[Site "Suwalki"]
[Date "2019.08.12"]
[Round "4.10"]
[White "Chojnowski, Marcin "]
[Black "Flis, Pawel"]
[Result "1-0"]
[WhiteTitle ""]
[BlackTitle ""]
[WhiteElo "2038"]
[BlackElo "1925"]

1. d4 c5 2. d5 Nf6 3. c4 b5 4. cxb5 a6 5. bxa6 Bxa6 6. Nc3 g6 7. e4 Bxf1 8. Kxf1
d6 9. Nf3 Bg7 10. g3 Nbd7 11. Kg2 O-O 12. Qe2 Nb6 13. a4 Ra5 14. Bd2 Qa8 15. b3
Ne8 16. Rac1 Qb7 17. Rhd1 Ra8 18. Nb5 Nd7 19. Rb1 Nc7 20. Na3 Na6 21. Nc4 Nb4
22. Bxb4 Qxb4 23. e5 dxe5 24. Nfxe5 Nxe5 25. Nxe5 Qb7 26. Kg1 Bf6 27. Nc6 Kg7
28. Qc4 h5 29. h4 e6 30. Qxc5 exd5 31. Qxd5 Rfe8 32. Qd7 Qa6 33. Nb4 Qa5 34. Nd5
Red8 35. Qb5 Qxb5 36. axb5 Re8 37. Rbc1 Bd8 38. Rc5 Re5 39. b4 Re2 40. Kf1 Rb2
41. Rc6 1-0

[Event "III Miedzynarodowy Memorial Ireny Warakomskiej - Open B"]
[Site "Suwalki"]
[Date "2019.08.12"]
[Round "4.11"]
[White "Bojczewski, Mateusz"]
[Black "Mirski, Michal "]
[Result "0-1"]
[WhiteTitle ""]
[BlackTitle ""]
[WhiteElo "1836"]
[BlackElo "2038"]

1. e4 c5 2. Nf3 Nc6 3. d4 cxd4 4. Nxd4 Nf6 5. Nc3 d6 6. Be2 e5 7. Nb3 Be7 8. O-O
O-O 9. Be3 a5 10. f3 Be6 11. Qe1 a4 12. Nd2 Nb4 13. Qc1 d5 14. a3 d4 15. axb4
Bxb4 16. Nxa4 dxe3 17. Nb3 Bd2 18. Nxd2 exd2 19. Qd1 Qd4+ 20. Kh1 Rxa4 21. Rxa4
Qxa4 22. Qxd2 Rc8 23. c3 h5 24. b4 h4 25. Rc1 h3 26. g3 Qc6 27. Bf1 Ra8 28. c4
Ra3 29. Qf2 b5 30. c5 Nxe4 31. fxe4 Qxe4+ 32. Kg1 Bd5 0-1

[Event "III Miedzynarodowy Memorial Ireny Warakomskiej - Open B"]
[Site "Suwalki"]
[Date "2019.08.12"]
[Round "4.12"]
[White "Jankowiak, Piotr "]
[Black "Kaminski, Maciej "]
[Result "1-0"]
[WhiteTitle ""]
[BlackTitle ""]
[WhiteElo "2033"]
[BlackElo "1818"]

1. d4 Nf6 2. Bf4 e6 3. e3 c5 4. c3 Nc6 5. Nd2 d5 6. Ngf3 Bd6 7. Bg3 O-O 8. Bd3
b6 9. Qe2 cxd4 10. exd4 Bb7 11. Ne5 Bxe5 12. dxe5 Nd7 13. Nf3 Nc5 14. Bc2 d4 15.
Rd1 Ba6 16. c4 f6 17. exf6 Qxf6 18. Ne5 Nxe5 19. Bxe5 d3 20. Bxd3 Nxd3+ 21. Rxd3
Qg5 22. f4 Qf5 23. Rd7 Rf7 24. Rd1 Rc8 25. b3 b5 26. O-O bxc4 27. Rd6 Bb5 28.
Rc1 Rfc7 29. Rd4 cxb3 30. Rxc7 Bxe2 31. Rxc8+ Kf7 32. Rd7+ Kg6 33. Rxg7+ Kh6 34.
Rg5 Qf7 35. Bg7+ Qxg7 36. Rxg7 Kxg7 37. axb3 a5 38. Rc5 Bd1 39. Rxa5 Bxb3 40.
Kf2 Kf6 41. g4 h6 42. h4 Bd1 43. Kg3 Be2 44. Rc5 Kg6 45. f5+ exf5 46. Rc6+ Kg7
47. gxf5 h5 48. Kf4 Kf7 49. Kg5 Bg4 50. Rc7+ Kg8 51. Kg6 Kf8 52. f6 Kg8 53. Rb7
1-0

[Event "III Miedzynarodowy Memorial Ireny Warakomskiej - Open B"]
[Site "Suwalki"]
[Date "2019.08.12"]
[Round "4.13"]
[White "Kaczmarek, Arkadiusz "]
[Black "Grzesik, Norbert "]
[Result "1/2-1/2"]
[WhiteTitle ""]
[BlackTitle ""]
[WhiteElo "1986"]
[BlackElo "2031"]

1. d4 Nf6 2. c4 g6 3. Nc3 d5 4. cxd5 Nxd5 5. e4 Nxc3 6. bxc3 Bg7 7. Bc4 c5 8. Ne2
Nc6 9. Be3 O-O 10. O-O Qc7 11. Rc1 Bd7 12. Qd2 Rad8 13. Bh6 Na5 14. Bd3 c4 15.
Bb1 e5 16. Bxg7 Kxg7 17. Qg5 f6 18. Qg3 Nc6 19. h4 h5 20. d5 Ne7 21. Qe3 b6 22.
f4 Bg4 23. Ng3 Qd6 24. Rf2 Rde8 25. Bc2 exf4 26. Qxf4 Qe5 27. Ba4 Rd8 28. Bb5
Qxf4 29. Rxf4 Rc8 30. Re1 Rc5 31. Ba6 Nc8 32. Bxc8 Rcxc8 33. e5 fxe5 34. Rxf8
Kxf8 35. Rxe5 Re8 36. Rxe8+ Kxe8 37. Kf2 Ke7 38. Ke3 b5 39. Kd4 a6 40. a3 Kd7
41. Ne4 Kc7 42. Kc5 Bf5 43. Nf6 Kb7 44. g3 Bh3 45. d6 Bf5 46. d7 Kc7 47. Kb4 Bxd7
48. Nxd7 Kxd7 49. Ka5 Kc7 50. Kxa6 Kc6 51. Ka5 Kc5 52. Ka6 Kc6 1/2-1/2

[Event "III Miedzynarodowy Memorial Ireny Warakomskiej - Open B"]
[Site "Suwalki"]
[Date "2019.08.12"]
[Round "4.14"]
[White "Liberadzki, Slawomir "]
[Black "Kacprzak, Kacper "]
[Result "1/2-1/2"]
[WhiteTitle ""]
[BlackTitle ""]
[WhiteElo "2030"]
[BlackElo "1856"]

1. c4 Nf6 2. Nf3 c5 3. Nc3 d5 4. cxd5 Nxd5 5. g3 Nc6 6. Bg2 Nc7 7. O-O e5 8. b3
Be7 9. Bb2 O-O 10. Rc1 f6 11. d3 Be6 12. Qc2 Qd7 13. Rfd1 Rfd8 14. Ne4 1/2-1/2

[Event "III Miedzynarodowy Memorial Ireny Warakomskiej - Open B"]
[Site "Suwalki"]
[Date "2019.08.12"]
[Round "4.15"]
[White "Kutowski, Marcel "]
[Black "Rak, Tomasz"]
[Result "1-0"]
[WhiteTitle ""]
[BlackTitle ""]
[WhiteElo "1773"]
[BlackElo "2022"]

1. e4 c5 2. Nf3 Nc6 3. d4 cxd4 4. Nxd4 g6 5. c4 Bg7 6. Be3 Nf6 7. Nc3 O-O 8. Be2
Ne8 9. Qd2 Nc7 10. O-O e5 11. Ndb5 Ne6 12. Nd5 f5 13. f3 f4 14. Bf2 d6 15. Ndc3
g5 16. Qxd6 Qe8 17. Nd5 Qf7 18. Qa3 Bd7 19. Nd6 Qh5 20. Nf5 Rxf5 21. exf5 Ned4
22. Bxd4 Nxd4 23. Bd1 Bxf5 24. Rc1 Kh8 25. Nc7 Rg8 26. Nb5 Ne6 27. c5 g4 28. fxg4
Bxg4 29. Bxg4 Qxg4 30. Qf3 Qg6 31. Nd6 Ng5 32. Qg4 Bf6 33. h4 h5 34. Qe2 f3 35.
Rxf3 Nxf3+ 36. Qxf3 Bxh4 37. Qxb7 Rg7 38. Qa8+ Rg8 39. Qe4 Qg3 40. Rf1 Bg5 41.
Rf3 Qg4 42. Qxe5+ Kh7 43. Qf5+ Rg6 44. Qxg4 hxg4 45. Rd3 Bf4 46. g3 Be5 47. Nc4
Bb8 48. Kg2 Kh6 49. Rd8 Bc7 50. Rh8+ Kg5 51. Rc8 Rg7 52. b4 Kf5 53. b5 Re7 54.
b6 axb6 55. cxb6 Be5 56. Rc5 1-0

[Event "III Miedzynarodowy Memorial Ireny Warakomskiej - Open B"]
[Site "Suwalki"]
[Date "2019.08.12"]
[Round "4.16"]
[White "Mazalon, Mariusz "]
[Black "Wloch, Mikolaj "]
[Result "1/2-1/2"]
[WhiteTitle ""]
[BlackTitle ""]
[WhiteElo "2012"]
[BlackElo "1771"]

1. d4 d5 2. Nf3 Nf6 3. c4 e6 4. g3 c5 5. cxd5 Nxd5 6. Bg2 Nc6 7. O-O Be7 8. Nc3
O-O 9. Nxd5 exd5 10. dxc5 Bxc5 11. a3 Bf5 12. b4 Bb6 13. Bb2 Rc8 14. Qd2 Qd7 15.
Rfd1 Rfd8 16. Rac1 f6 17. Ne1 Be6 18. Nd3 Ne7 19. Nf4 Rxc1 20. Rxc1 Bf7 21. e3
Nc6 22. Bd4 Nxd4 23. exd4 Qa4 1/2-1/2

[Event "III Miedzynarodowy Memorial Ireny Warakomskiej - Open B"]
[Site "Suwalki"]
[Date "2019.08.12"]
[Round "4.17"]
[White "Karolczuk, Iwo "]
[Black "Staroszczyk, Mateusz "]
[Result "1/2-1/2"]
[WhiteTitle ""]
[BlackTitle ""]
[WhiteElo "1987"]
[BlackElo "1968"]

1. d4 g6 2. Nf3 Bg7 3. e3 c5 4. Bd3 Nf6 5. b3 cxd4 6. exd4 O-O 7. O-O Nc6 8. Bb2
d5 9. a3 Bg4 10. h3 Bxf3 11. Qxf3 Ne4 12. Bxe4 dxe4 13. Qxe4 Bxd4 14. Nc3 e5 15.
Rad1 f5 16. Qe2 Qg5 17. Rxd4 Nxd4 18. Qc4+ Kh8 19. f4 Qh4 20. fxe5 Rac8 21. Qd5
Rxc3 22. Bxc3 Ne2+ 23. Kh1 Ng3+ 24. Kg1 1/2-1/2

[Event "III Miedzynarodowy Memorial Ireny Warakomskiej - Open B"]
[Site "Suwalki"]
[Date "2019.08.12"]
[Round "4.18"]
[White "Starosciak, Szymon "]
[Black "Slabek, Grzegorz "]
[Result "0-1"]
[WhiteTitle ""]
[BlackTitle ""]
[WhiteElo "1762"]
[BlackElo "1982"]

1. e4 d5 2. exd5 Nf6 3. d4 Nxd5 4. c4 Nb6 5. Nf3 g6 6. Nc3 Bg7 7. c5 Nd5 8. Bc4
c6 9. O-O O-O 10. Re1 h6 11. h3 b6 12. cxb6 axb6 13. Qb3 e6 14. a4 Ba6 15. Ne5
Bxc4 16. Qxc4 b5 17. Qc5 Nxc3 18. Qxc3 bxa4 19. b3 c5 20. Be3 cxd4 21. Bxd4 Qd5
22. Rxa4 Rxa4 23. bxa4 Rd8 24. Bb6 Rf8 25. Qg3 Qd2 26. Nf3 Qb4 27. a5 Rc8 28.
Rd1 Qa4 29. Qd6 Bf8 30. Qd4 Rc4 31. Qd8 Nc6 32. Qd2 Bb4 33. Qe2 Rc2 34. Qe4 Ra2
35. Rd7 Ra1+ 36. Kh2 Bd6+ 37. Rxd6 Qxe4 0-1

[Event "III Miedzynarodowy Memorial Ireny Warakomskiej - Open B"]
[Site "Suwalki"]
[Date "2019.08.12"]
[Round "4.19"]
[White "Wierzbicki, Michal "]
[Black "Wasik, Mateusz "]
[Result "1-0"]
[WhiteTitle ""]
[BlackTitle ""]
[WhiteElo "1978"]
[BlackElo "1761"]

1. d4 d5 2. Nf3 e6 3. c4 a6 4. cxd5 exd5 5. Nc3 Nf6 6. Bg5 Be6 7. e3 Nbd7 8. Bd3
Bd6 9. O-O O-O 10. Rc1 Qb8 11. Bb1 Bg4 12. e4 dxe4 13. Nxe4 Nxe4 14. Bxe4 Re8
15. Re1 c6 16. h3 Bxf3 17. Qxf3 h6 18. Bxh6 gxh6 19. Qg4+ Kf8 20. Qxd7 Bb4 21.
Re3 Qf4 22. g3 Qg5 23. Rd1 Re7 24. Qf5 Rae8 25. Qf3 Bd6 26. h4 Qg7 27. Kg2 Bc7
28. Bf5 Bb6 29. Rxe7 Rxe7 30. Qf4 Re8 31. Qd6+ Kg8 32. Qd7 Rb8 33. Rd3 a5 34.
b3 a4 35. bxa4 Rd8 36. Qxb7 Bxd4 37. Qxc6 Qe5 38. Qe4 Qc5 39. Bg4 Kf8 40. a5 Rd6
41. a6 Bxf2 42. Rxd6 1-0

[Event "III Miedzynarodowy Memorial Ireny Warakomskiej - Open B"]
[Site "Suwalki"]
[Date "2019.08.12"]
[Round "4.20"]
[White "Paszkowski, Krystian "]
[Black "Pytel, Maciej"]
[Result "1-0"]
[WhiteTitle ""]
[BlackTitle ""]
[WhiteElo "1746"]
[BlackElo "1977"]

1. c4 e5 2. g3 Nc6 3. Nc3 g6 4. Bg2 Bg7 5. e3 Nf6 6. Nge2 O-O 7. O-O Re8 8. d3
d6 9. Rb1 a5 10. b3 Bf5 11. e4 Bg4 12. h3 Be6 13. Nd5 Nd7 14. Be3 Ne7 15. Nxe7+
Qxe7 16. d4 Nb8 17. Qd2 c6 18. Nc3 Na6 19. Rfd1 Nc7 20. Rbc1 Bc8 21. Na4 b5 22.
Nb6 Ra6 23. Nxc8 Rxc8 24. d5 b4 25. dxc6 Rxc6 26. h4 Bf8 27. Bh3 Ra8 28. Bg5 f6
29. Be3 Qf7 30. Qe1 h5 31. Rd3 Be7 32. Rcd1 Kh7 33. Bd7 Rca6 34. Bb5 R6a7 35.
Bxa7 Rxa7 36. Qe3 Ra8 37. Bc6 Rh8 38. c5 dxc5 39. Rd7 Na6 40. Ra7 Nb8 41. Bd5
Qg7 42. Rc1 Rc8 43. Be6 Rc6 44. Bd7 Rd6 45. Ba4 Rd4 46. Rxc5 Bxc5 47. Rxg7+ Kxg7
48. Qc1 Bd6 49. Be8 Na6 50. Qc8 Nc5 51. Qa8 Bc7 52. Bc6 Rd6 53. Bd5 1-0

[Event "III Miedzynarodowy Memorial Ireny Warakomskiej - Open B"]
[Site "Suwalki"]
[Date "2019.08.12"]
[Round "4.22"]
[White "Kaliszuk, Kamil"]
[Black "Kacprzak, Karol"]
[Result "1/2-1/2"]
[WhiteTitle ""]
[BlackTitle ""]
[WhiteElo "1853"]
[BlackElo "1973"]

1. e4 c5 2. Nf3 d6 3. d4 cxd4 4. Qxd4 Nc6 5. Qe3 Nf6 6. h3 e6 7. c4 Be7 8. Be2
O-O 9. O-O Bd7 10. Nc3 a6 11. b3 Rc8 12. Rd1 Qc7 13. Bb2 Rfd8 14. Rac1 Qb8 15.
Rd2 Be8 16. Rcd1 Nd7 17. Nh2 h6 18. Qg3 Nf8 19. Ba3 Ne5 20. Nf3 Nxf3+ 21. Bxf3
e5 22. Be2 b5 23. Bc1 bxc4 1/2-1/2

[Event "III Miedzynarodowy Memorial Ireny Warakomskiej - Open B"]
[Site "Suwalki"]
[Date "2019.08.12"]
[Round "4.23"]
[White "Kupsik, Joanna "]
[Black "Rosol, Alexander "]
[Result "1-0"]
[WhiteTitle ""]
[BlackTitle ""]
[WhiteElo "1708"]
[BlackElo "1968"]

1. e4 d6 2. d4 Nf6 3. Nc3 Nbd7 4. Nf3 e5 5. Bg5 Be7 6. Bd3 O-O 7. O-O c6 8. a4
a5 9. Ne2 h6 10. Bc1 Re8 11. Ng3 Bf8 12. Re1 g6 13. h4 exd4 14. Nxd4 Nc5 15. Bf4
Ne6 16. Nxe6 Bxe6 17. Qd2 Kh7 18. h5 d5 19. e5 Nd7 20. c3 Nc5 21. Bc2 Qd7 22.
Rad1 b5 23. b4 axb4 24. cxb4 Nxa4 25. hxg6+ fxg6 26. Nh5 Bg7 27. Nf6+ Bxf6 28.
exf6 Qf7 29. Bxh6 Qxf6 30. Bg5 Qg7 31. Qf4 Nb6 32. Bf6 Qf8 33. Qh4+ Qh6 34. Qg3
Nd7 35. Bc3 Nf8 36. Rd4 1-0

[Event "III Miedzynarodowy Memorial Ireny Warakomskiej - Open B"]
[Site "Suwalki"]
[Date "2019.08.12"]
[Round "4.24"]
[White "Skurniak, Szymon "]
[Black "Goraj, Barbara "]
[Result "1/2-1/2"]
[WhiteTitle ""]
[BlackTitle ""]
[WhiteElo "1962"]
[BlackElo "1800"]

1. e4 c6 2. d4 d5 3. f3 e6 4. Nc3 Bb4 5. Bf4 Nd7 6. Qd3 Ne7 7. a3 Ba5 8. b4 Bc7
9. Bxc7 Qxc7 10. e5 a5 11. Rb1 axb4 12. axb4 b6 13. Qd2 Nf5 14. g4 Nh4 15. f4
Ra3 16. Kf2 f6 17. Kg3 Ng6 18. Bd3 Nxf4 19. Qxf4 fxe5 20. dxe5 Rf8 21. Qd4 Nxe5
22. Kg2 Nxd3 23. Qxd3 Qf4 24. Nf3 Qxg4+ 25. Kf2 Rxf3+ 26. Qxf3 Qxf3+ 27. Kxf3
Rxc3+ 28. Kf4 Rxc2 29. Rbc1 Rxc1 30. Rxc1 Bd7 31. Ke5 Ke7 32. h4 g6 33. Rc2 Be8
34. Rc1 h6 35. Rc2 Bd7 36. Rc1 1/2-1/2

[Event "III Miedzynarodowy Memorial Ireny Warakomskiej - Open B"]
[Site "Suwalki"]
[Date "2019.08.12"]
[Round "4.25"]
[White "Kasperczyk, Szymon "]
[Black "Koloczek, Maciej "]
[Result "0-1"]
[WhiteTitle ""]
[BlackTitle ""]
[WhiteElo "1728"]
[BlackElo "1958"]

1. d4 Nf6 2. Nf3 g6 3. Nbd2 d5 4. Ne5 Bg7 5. e3 O-O 6. Be2 Nbd7 7. f4 c5 8. c3
cxd4 9. exd4 Ne8 10. Bf3 e6 11. O-O Nd6 12. b3 Nxe5 13. fxe5 Nf5 14. Qe1 h5 15.
Bd1 Qc7 16. Nf3 b6 17. Bc2 Ba6 18. Rf2 Rac8 19. Bd2 Rfe8 20. Bxf5 exf5 21. Rc1
f6 22. Qe3 g5 23. g3 h4 24. Ne1 hxg3 25. hxg3 fxe5 26. Rxf5 exd4 27. Qxg5 Qe7
28. Qxe7 Rxe7 29. Rxd5 dxc3 30. Bf4 Re2 31. Nc2 Bb7 32. Rd7 Be4 33. Nd4 Rxa2 34.
Ne6 Bf6 35. Ng5 Bxg5 36. Bxg5 Rg2+ 37. Kf1 Rf8+ 38. Ke1 Bc6 39. Rd3 Rg1+ 40. Ke2
Rxc1 41. Bxc1 Bb5 42. Ke3 Re8+ 0-1

[Event "III Miedzynarodowy Memorial Ireny Warakomskiej - Open B"]
[Site "Suwalki"]
[Date "2019.08.12"]
[Round "4.26"]
[White "Bartoszewicz, Marcin "]
[Black "Bancarewicz, Aleks "]
[Result "1-0"]
[WhiteTitle ""]
[BlackTitle ""]
[WhiteElo "1950"]
[BlackElo "1773"]

1. e4 c5 2. Nc3 d6 3. Bc4 e6 4. d3 Nc6 5. Nge2 g6 6. O-O Bg7 7. Be3 Nge7 8. d4
cxd4 9. Nxd4 a6 10. Qd2 O-O 11. Rad1 Na5 12. Be2 Qc7 13. Nb3 Rd8 14. Na4 Nxb3
15. cxb3 Qc6 16. Bb6 Re8 17. Bf3 Bd7 18. Rc1 Qb5 19. Qxd6 Nc8 20. Qc7 Be5 21.
Qc5 Bxb2 22. Rc2 Bg7 23. Bc7 Bc6 24. Qe3 Bf8 25. Rd1 Qb4 26. e5 Re7 27. Bd6 Nxd6
28. exd6 Bxf3 29. gxf3 Rd8 30. Rd4 Qxd4 31. Qxd4 Red7 32. Nc5 Rxd6 33. Qe4 b5
34. Qb7 Rd5 35. Ne4 Bg7 36. Rc7 Rf5 37. Kg2 Be5 38. Rc8 Rxc8 39. Qxc8+ Kg7 40.
Qxa6 Rh5 41. Ng3 Bxg3 42. hxg3 h6 43. a4 bxa4 44. bxa4 Ra5 45. Qxa5 1-0

[Event "III Miedzynarodowy Memorial Ireny Warakomskiej - Open B"]
[Site "Suwalki"]
[Date "2019.08.12"]
[Round "4.27"]
[White "Tarkowski, Michal"]
[Black "Maciejewski, Mikolaj "]
[Result "1-0"]
[WhiteTitle ""]
[BlackTitle ""]
[WhiteElo "1934"]
[BlackElo "1788"]

1. d4 Nf6 2. Nf3 d5 3. Bf4 c5 4. dxc5 Na6 5. e3 Nxc5 6. c4 a6 7. Nc3 e6 8. Be2
Be7 9. cxd5 exd5 10. O-O O-O 11. Be5 Nce4 12. Qb3 Nxc3 13. Bxc3 b6 14. Rac1 Be6
15. Rfd1 Qb8 16. Be5 Bd6 17. Bxf6 gxf6 18. Qa4 Kh8 19. Qh4 Rg8 20. Qxf6+ Rg7 21.
g3 Qf8 22. Nd4 Re8 23. Rc6 1-0